MARC

LEADER 00000nam0a2200000 4500
001 75315
005 20231101212816.0
035 |a (RuTPU)RU\TPU\book\80297 
090 |a 75315 
100 |a 20050322d1969 k y0rusy50 ca 
101 0 |a rus 
102 |a RU 
105 |a a z 000zy 
200 1 |a Вибрации и шумы. (Физические исследования)  |f Академия наук СССР. Акустический ин-т; Под ред. А. В. Римского- Корсакова 
210 |a Москва  |c Наука  |d 1969 
215 |a 171 с.  |c ил. 
606 1 |a Шум и борьба с ним  |2 stltpush  |3 (RuTPU)RU\TPU\subj\19607  |9 44823 
610 1 |a вибрация 
610 1 |a шумы 
610 1 |a исследования 
610 1 |a сборники 
610 1 |a борьба с шумом 
675 |a 62-752  |v 3 
675 |a 628.517  |v 3 
702 1 |a Римский- Корсаков  |b А. В.  |g Андрей Владимирович  |4 340 
712 0 2 |a Академия наук СССР (АН СССР)  |b Акустический институт им. Н. Н. Андреева (АКИН)  |c (Москва)  |2 stltpush  |3 (RuTPU)RU\TPU\col\5702 
801 1 |a RU  |b 63413507  |c 20050322  |g PSBO 
801 2 |a RU  |b 63413507  |c 20190221  |g PSBO 
942 |c BK